Central Library OPAC University of Rajshahi

Electrochemical methods : (Record no. 10483)

MARC details
000 -LEADER
fixed length control field 00912nam a2200265 a 4500
001 - CONTROL NUMBER
control field 10483
003 - CONTROL NUMBER IDENTIFIER
rucl marc code BD-RjUL
005 - DATE AND TIME OF LATEST TRANSACTION
control field 20211208234949.0
008 - FIXED-LENGTH DATA ELEMENTS--GENERAL INFORMATION
fixed length control field 161005r20062004ii a b 001 0 eng d
020 ## - INTERNATIONAL STANDARD BOOK NUMBER
International Standard Book Number 8126508078
035 ## - SYSTEM CONTROL NUMBER
System control number (BD-RjUL)10531
040 ## - CATALOGING SOURCE
Original cataloging agency BD-RjUL
Language of cataloging eng
Transcribing agency BD-RjUL
041 ## - LANGUAGE CODE
Language code of text/sound track or separate title eng
082 04 - DEWEY DECIMAL CLASSIFICATION NUMBER
Classification number 541.37
Author mark and year BAE 2006
100 1# - MAIN ENTRY--PERSONAL NAME
Personal name Bard, Allen J.
9 (RLIN) 32385
245 10 - TITLE STATEMENT
Title Electrochemical methods :
Remainder of title fundamentals and applications /
Statement of responsibility, etc. by Allen J. Bard, Larry R. Faulkner.
250 ## - EDITION STATEMENT
Edition statement 2nd ed.
260 ## - PUBLICATION, DISTRIBUTION, ETC. (IMPRINT)
Place of publication, distribution, etc. New Delhi :
Name of publisher, distributor, etc. Wiley India Ltd.,
Date of publication, distribution, etc. c2004 [reprinted 2006].
300 ## - PHYSICAL DESCRIPTION
Pagination xxi, 833 p. :
Illustrations ill. ;
Size 23cm.
500 ## - GENERAL NOTE
General note Authorised reprint of the Original English Language Edition copyright 2004 by John Wiley & Sons, Inc.
504 ## - BIBLIOGRAPHY, ETC. NOTE
Bibliography, etc Includes bibliographical references and index.
650 #0 - SUBJECT ADDED ENTRY--TOPICAL TERM
Topical term or geographic name as entry element Electrochemistry.
9 (RLIN) 32386
700 1# - ADDED ENTRY--PERSONAL NAME
Personal name Faulkner, Larry R.,
Dates associated with a name 1944-
942 ## - ADDED ENTRY ELEMENTS (KOHA)
Source of classification or shelving scheme Dewey Decimal Classification
Koha item type Books
Holdings
Lost status Source of classification or shelving scheme Damaged status Not for loan Collection code Permanent Location Current Location Shelving location Date acquired Source of acquisition Cost, normal purchase price Total Checkouts Total Renewals Full call number Date last seen Date checked out Copy number Koha item type
  Dewey Decimal Classification     Non-fiction Central Library, University of Rajshahi Central Library, University of Rajshahi   01/09/2009 Dhaka Ahsania Misson Book Dis. House 2794.40 3 3 541.37 BAE 2006 25/10/2021 25/02/2020 C-6 Books
  Dewey Decimal Classification     Non-fiction Central Library, University of Rajshahi Central Library, University of Rajshahi   01/09/2009 Dhaka Ahsania Misson Book Dis. House 2754.40     541.37 BAE 2006 01/03/2014   C-3 Books
  Dewey Decimal Classification     Non-fiction Central Library, University of Rajshahi Central Library, University of Rajshahi   01/09/2009 Aligash library, Rajshahi 2798.40 4   541.37 BAE 2006 01/01/2020 24/12/2019 C-2 Books
  Dewey Decimal Classification   Not For Loan Non-fiction Central Library, University of Rajshahi Central Library, University of Rajshahi Reading Room 01/09/2009 Dhaka, Ahsamia Mission Book Dis: House 2794.00     541.37 BAE 2006 25/05/2017   C-1 Books